Power system analysis (Record no. 1347)

000 -LEADER
fixed length control field 00590nam a2200229 a 4500
001 - CONTROL NUMBER
control field 1347
003 - CONTROL NUMBER IDENTIFIER
control field BD-DhUET
008 - FIXED-LENGTH DATA ELEMENTS--GENERAL INFORMATION
fixed length control field 931008s1994 nyua 001 0 eng
020 ## - INTERNATIONAL STANDARD BOOK NUMBER
International Standard Book Number 0070585156
020 ## - INTERNATIONAL STANDARD BOOK NUMBER
International Standard Book Number 0071133380
040 ## - CATALOGING SOURCE
Original cataloging agency DLC
Transcribing agency DLC
Modifying agency BD-DhUET
082 00 - DEWEY DECIMAL CLASSIFICATION NUMBER
Classification number 623.19
Item number GRA/1994
100 1# - MAIN ENTRY--PERSONAL NAME
Personal name Grainger, John J.
245 10 - TITLE STATEMENT
Title Power system analysis
250 ## - EDITION STATEMENT
Edition statement 1st ed.
260 ## - PUBLICATION, DISTRIBUTION, ETC. (IMPRINT)
Place of publication, distribution, etc. New York
Name of publisher, distributor, etc. McGraw-Hill
Date of publication, distribution, etc. 1994
300 ## - PHYSICAL DESCRIPTION
Extent xix, 787 p.
Other physical details ill.
504 ## - BIBLIOGRAPHY, ETC. NOTE
Bibliography, etc Includes bibliographies
650 #0 - SUBJECT ADDED ENTRY--TOPICAL TERM
Topical term or geographic name as entry element Electric power systems-Management
700 1# - ADDED ENTRY--PERSONAL NAME
Personal name Stevenson, William D.
942 ## - ADDED ENTRY ELEMENTS (KOHA)
Koha item type General Book
Holdings
Koha issues (times borrowed) Piece designation (barcode) Date acquired Koha date last borrowed Koha normalized classification for sorting Copy number Source of classification or shelving scheme Price effective from Lost status Koha renewals Koha item type Damaged status Koha date last seen Koha out on loan Not for loan Withdrawn status Sublocation or collection (holding branch) Location (home branch) Koha full call number Shelving location
51039602014-09-032024-03-04623_000000000000000_19GRA19941 2014-09-03  General Book 2024-06-01   Central Library, BUETCentral Library, BUET623.19/GRA/1994Circulation section
11039612014-09-032019-05-06623_000000000000000_19GRA19942 2014-09-03  General Book 2020-01-14   Central Library, BUETCentral Library, BUET623.19/GRA/1994Circulation section
31039622014-09-032025-07-13623_000000000000000_19GRA19943 2014-09-03 1General Book 2025-11-03   Central Library, BUETCentral Library, BUET623.19/GRA/1994Circulation section
11039632014-09-032019-10-21623_000000000000000_19GRA19944 2014-09-03  General Book 2025-04-22   Central Library, BUETCentral Library, BUET623.19/GRA/1994Circulation section
11039642014-09-032023-11-27623_000000000000000_19GRA19945 2014-09-03  General Book 2023-11-272023-12-11  Central Library, BUETCentral Library, BUET623.19/GRA/1994Circulation section
 1039652014-09-03 623_000000000000000_19GRA19946 2014-09-03  General Book 2016-01-26   Central Library, BUETCentral Library, BUET623.19/GRA/1994Circulation section
11039662014-09-032021-02-13623_000000000000000_19GRA19947 2014-09-03 2General Book 2021-12-13   Central Library, BUETCentral Library, BUET623.19/GRA/1994Circulation section
21039672014-09-032022-02-06623_000000000000000_19GRA19948 2014-09-03  General Book 2022-02-062023-02-06  Central Library, BUETCentral Library, BUET623.19/GRA/1994Circulation section
51039682014-09-032025-05-03623_000000000000000_19GRA19949 2014-09-03  General Book 2025-05-032025-05-17  Central Library, BUETCentral Library, BUET623.19/GRA/1994Circulation section
 895292015-06-21 623_190000000000000_GRA_199410 2015-06-21  Reading Item 2015-06-21   Central Library, BUETCentral Library, BUET623.19/GRA/1994Reading section
 911382015-06-21 623_190000000000000_GRA_199411 2015-06-21  Reading Item 2015-06-21   Central Library, BUETCentral Library, BUET623.19/GRA/1994Reading section
 907772015-07-02 623_190000000000000_GRA_199412 2015-07-02  Reading Item 2015-07-02   Central Library, BUETCentral Library, BUET623.19/GRA/1994Reading section